000 00839nam a2200205Ii 4500
003 JO-AjNU
008 230605s9999||||xx |||||||||||||| ||und||
017 _a1982/1157
040 _aJO-AjNU
_bara
_erda
_cJO-AjNU
041 _aara
050 1 4 _aGV837.B6 1982
100 3 _aتاليف بولتون، اليزابيت، م.مشارك كودوين، ديانا؛ ترجمة التكريتي، وديع ياسين، ترجمة حديث، مازن عبد الرحمن,
_eauthor
_97702
245 0 0 _aالمدخل الى التمرينات العلاجية في حوض السياحة
264 3 1 _aبغداد: د.ن، 1982
300 _a63ص
_bصور توضبحية
336 _atext
_btxt
_2rdacontent
337 _aunmediated
_bn
_2rdamedia
338 _avolume
_bnc
_2rdacarrier
650 4 _aالسباحة -علاج - الرياضة
_97703
999 _aA414
_c3982
_d3982